书目信息 |
| 题名: |
高分子材料流变学
|
|
| 作者: | 吴其晔 , 巫静安 | |
| 分册: | ||
| 出版信息: | 北京 高等教育出版社 2002.10 |
|
| 页数: | 377页 | |
| 开本: | 23cm | |
| 丛书名: | ||
| 单 册: | ||
| 中图分类: | TB324 | |
| 科图分类: | ||
| 主题词: | 工程材料 , 非金属材料 | |
| 电子资源: | ||
| ISBN: | 7-04-011582-4 | |
| 000 | 00677nam0 2200241 45 | |
| 001 | 0303250970 | |
| 005 | 20030325092405.2 | |
| 010 | @a7-04-011582-4@d33.60元 | |
| 100 | @a20030325d2002 km y0chiy0120 ea | |
| 101 | 0 | @achi |
| 105 | @a z 000yy | |
| 200 | 1 | @a高分子材料流变学@AGao Fen Zi Cai Liao Liu Bian Xue@f吴其晔,巫静安@FWu Qi Ye,Wu Jing An |
| 210 | @a北京@c高等教育出版社@d2002.10 | |
| 215 | @a377页@d23cm | |
| 300 | @a教育部研究生工作办公室推荐 | |
| 333 | @a研究生教学用书 | |
| 606 | 0 | @a工程材料 |
| 606 | 0 | @a非金属材料 |
| 690 | @aTB324@v3 | |
| 701 | 0 | @a吴其晔 |
| 701 | 0 | @a巫静安 |
| 801 | @aCN@bPftUser@c20030325 | |
| 905 | @aBZT@b345866-868@dTB324@e1@f3 | |
| 高分子材料流变学/吴其晔,巫静安.-北京:高等教育出版社,2002.10 |
| 377页;23cm |
| 教育部研究生工作办公室推荐.-使用对象:研究生教学用书 |
| ISBN 7-04-011582-4:33.60元 |
| ● |
| 相关链接 |
|
|
|
正题名:高分子材料流变学
索取号:TB324/1
 
预约/预借
| 序号 | 登录号 | 条形码 | 馆藏地/架位号 | 状态 | 备注 |
| 1 | 345866 | 201363764 | 样本书库/样003架B面2层1列/ [索取号:TB324/1] | 在馆 | |
| 2 | 345867 | 201363817 | 中心书库中库/ 中库030架B面3列2层29/ [索取号:TB324/1] | 在馆 | |
| 3 | 345868 | 201363782 | 中心书库中库/ 中库030架B面3列2层30/ [索取号:TB324/1] | 在馆 |